| 000 | 00652nam 22002053 4500 | ||
|---|---|---|---|
| 001 | 201329 | ||
| 021 | _aPT | ||
| 090 | _a201329 | ||
| 100 | _a20240516d u||y0pory50 ba | ||
| 200 |
_aNoites de anto _ealegoria em sete quadros _fMário Cláudio |
||
| 210 |
_aLisboa _cRolim _d1988 |
||
| 215 |
_a92, [3] p. _cbrochado _d21 cm |
||
| 225 |
_aPalco _gDirecção de colecção Sara Góis |
||
| 300 | _aContém dedicatória do escritor ao Prof. Almeida Faria | ||
| 606 |
_924 _aLiteratura Portuguesa _xTeatro |
||
| 675 |
_a821.134.3-2 _vPT _zpor |
||
| 700 |
_93761 _aCláudio _bMário _f1941- |
||
| 801 |
_aPT _bBMMN _gRPC |
||
| 830 |
_cAna Falardo _fAna Falardo |
||
| 990 | _cLIVROS | ||